Quizzes
Events
Quiz Creation
Community
Videos
Private Events
Remove Ads
Sign In
Join for FREE
Feedback
Dark Mode
Quiz Categories
Sports
Geography
Music
Movies
Television
Just For Fun
Miscellaneous
History
Literature
Language
Science
Gaming
Entertainment
Religion
Holiday
For Kids
Quiz Lab
Recent
Popular Today
Quiz Kudos Today
Editor Picks
Curator Picks
Quizzes by...
Day
Popularity
Type
Ratings
Length
Year
Community
Subscriptions
Recent Discussions
Orange Saloon
Badges
Playlists
Quests
Create
Leaderboards
Showdown
Live 5
Trivia Bingo
Activity
Puzzle Library
Sporcle Events
Private Events
Virtual Trivia
Globe League
Become a Host
Pub Owners
SporcleCon
Opinionation
Our Games
Videos
Blog
Mobile Apps
Partnerships
Remove Ads and Go Orange
Feedback
Just For Fun
Clickable
Get the Picture
Humor
Quick Pick
Word Ladder
Missing Word
Mixed Word
Blitz
Minefield
This or That
Alphabet
Color
Typing
Sporcle
Puzzle
Word Play
Follow That Line
Logic
Just For Fun
Clickable
Get the Picture
Humor
Quick Pick
Word Ladder
Missing Word
Mixed Word
Blitz
Minefield
This or That
Alphabet
Color
Typing
Sporcle
Puzzle
Word Play
Follow That Line
Logic
Random Quiz
Search Sporcle
×
Quiz Lab
Quiz Lab
Just For Fun
end
Type in answers that appear in a list
Type in answers that appear in a list
Classic
Best Score? Go Orange.
Ends in ORN Stats
Can you name the words that end in ORN?
By
Mimbleton
2m
26 Questions
57 Plays
57 Plays
57 Plays
Comments
Comments
Give Quiz Kudos
Give Quiz Kudos
-
- Ratings
hide this ad
Replay
Link that replays current quiz
Next Quiz
Link to next quiz in quiz playlist
You Got
0%
They Got
Avg Score
57%
Avg Friend Score
Upgrade to see
Score Distribution
Jump to the score distribution portion of the page
Score
0/26
Timer
02:00
0
Plays Today
Hint
Word
% Correct
A Star is...
Born
98.2%
Maize
Corn
90.9%
Under oath
Sworn
89.1%
Rose defender
Thorn
83.6%
Actor Rip
Torn
83.6%
Eroded
Worn
78.2%
Poetic daybreak
Morn
76.4%
French or Saddle
Horn
74.5%
Oak starter
Acorn
74.5%
American metal band
Korn
72.7%
Tennis legend Borg
Bjorn
72.7%
Decorate
Adorn
67.3%
Derision
Scorn
65.5%
Hint
Word
% Correct
Stripped of wool
Shorn
65.5%
Lonely
Forlorn
63.6%
Salacious material
Porn
63.6%
DOUBLE ORN BONUS: Loony Toons Rooster
Foghorn Leghorn
54.5%
Alpine peak
Matterhorn
52.7%
Mulish
Stubborn
38.2%
Former NFL quarterback Jim
Zorn
36.4%
Captain Kirk's reptilian foe
Gorn
29.1%
Folks in Bree know him as Strider
Aragorn
27.3%
Norse goddess of fate
Norn
20%
Of noble birth
Highborn
12.7%
Encourage perjury
Suborn
12.7%
Tennis shoe maker
Tretorn
3.7%
Quiz Playlist
Details
Report
Send in Message
Add To Playlist
Classic:
Type in answers that appear in a list
Last Updated: Feb 16, 2017
Quiz Scoreboard
CHALLENGE
Sign Up to Join the Scoreboard
Show All
Scores
Hide
Comments
May contain spoilers
Recently Published
Decade Duel: World Leaders
by jenniferyan
History
4m
Alphabetical 'K' Countries by Flag Minefield
by ylime102
Geography
3m
Pick 6: Fruits
by JohnFran
Miscellaneous
15s
More to Explore
Quiz From the Vault
Featured Blog Post
15 Basketball Trivia Facts You Can Be March Mad About
hide this ad
You Might Also Like...
Tags
end
Today's Top Quizzes in Just For Fun
Browse Just For Fun
hide this ad
Today's Top Quizzes in end
Browse end
Top Contributed Quizzes in Just For Fun
1
Seasons
2
Pick 6: Letters
3
Pick 6: Foods
4
Pick 6: Colors
5
Quick Pick: Spring Things
6
Four Seasons
7
Dragon Ball Z Logic Quiz
8
Happy Tree Friends Logic Puzzle
9
Erkennst du die Lieblingsgerichte der watsons?
10
Just Another 1-25 Logic Puzzle
Explore More
Trending Topics
Disney
Marvel
Anime
Crossword
NBA
Kpop
Harry Potter
Song
Puzzle
The Office
WWE
Pokémon
Country
Soccer
NFL
hide this ad
More By:
Mimbleton
Quiz
Plays
Rating
Category
Featured
Created
One-Word Movie Mix-and-Match
97,841
4.55
Movies
Apr 18, 2013
What's Your Move?
91,914
4.37
Gaming
Aug 28, 2012
The 'Sweetest' Quiz
82,907
3.84
Miscellaneous
Jul 9, 2012
Clickably Spicy
73,472
3.96
Miscellaneous
Jul 26, 2012
Fictional Races
70,530
4.43
Entertainment
May 15, 2013
Go to Creator's Profile
Score Distribution
Quiz Creator Spotlight
Mimbleton
Follow
Send a Message
Quizzes Created
-
Created Quiz Play Count
-
More By This Creator
Popular Quizzes Today
1
Countries of Asia Without Outlines Minefield
2
Find the US States - No Outlines Minefield
3
Pick 6: Fruits
4
Alphabetical 'K' Countries by Flag Minefield
5
The Countries of the World
6
Find the Countries of Europe - No Outlines Minefield
7
Find the US States
8
US States
More Just For Fun Quizzes
Trees Logic Puzzle 224
Quiz Lab
Trending Quizzes
Pick 6: Mountains
Pick 6: Harry Potter
Pick 6: Flags
Pick 6: NFL Teams
Pick 6: Movie Franchises
Recently Updated
Adaptations: Name the Title
pecheneg
NWSL Teams
pecheneg
Women's Final Four Teams by Year
bhenderson79
Presidents Quartet II
eogle
Anything But Clue(do)
eogle
Anything But Oceanian Capitals
eogle
Anything But 7
eogle
Anything But Thing
eogle
Word Ladder: February 29
pecheneg
Song Title Questions
pecheneg
Trending Topics
Crossword
Kpop
Anime
Disney
Marvel
NBA
Harry Potter
Pokémon
Country
Song
Puzzle
WWE
Soccer
The Office
NFL
Your Account Isn't Verified!
In order to create a playlist on Sporcle, you need to verify the email address you used during registration. Go to your
Sporcle Settings
to finish the process.
Report this User
Report this user for behavior that violates our
Community Guidelines
.
Details:
Send Report
Go to the Sporcle.com Mobile Site →
Comments